000 00370 a2200133 4500
000 nam a22 7a 4500
005 20250922161348.0
020 _a9781032424170 (pbk)
100 _aPaula Brough Ed.
_9822262
245 _aAdvanced research methods for applied psychology: design, analysis and reporting
250 _a2nd
260 _bRoutledge
_c2025
942 _cTB
999 _c1436039
_d1436039